000 00294nam a22001337a 4500
008 210303b ||||| |||| 00| 0 eng d
020 _a9780201185393
041 _aeng
080 _a004
100 _a35
101 _aSHKI
245 _aPPP Design and Debugging
_cCarlson,J
942 _2udc
_cBK
999 _c55563
_d55563